Statistiken für Bekannte Persönlichkeiten aus dem Burgenland

Klicken Sie hier um das Quiz zu spielen!

Allgemein

  • Dieses Quiz wurde 22 mal gespielt
    (15 seit der letzten Aktualisierung)
  • Das Durchschnittsergebnis liegt bei 5 aus 20

Antwortstatistiken

GeburtsjahrGeburtsortHinweisPerson% Korrekt
1811RaidingKomponist ("Mephisto-Walzer", "Faust-Sinfonie"), Klaviervirtuose und späterer SchriftstellerFranz Liszt
71%
1971Heiligenkreuz im LafnitztalFußballtrainer (Rapid Wien, Admira, WAC, St.Pölten) und ehemaliger -spieler (Rapid, Mattersburg, Admira, Sociedad, Wolfsburg, Nationalelf)Dietmar Kühbauer
50%
1947 / 1948StinatzBrüder, Kabarettist und Schauspieler bzw. Sänger und Menschenrechtsaktivist{Lukas} & {Willi Resetarits}
50%
1929Neufeld an der Leithavon 1983 bis 1986 Bundeskanzler, davor Bundesminister für Unterricht und KunstFred Sinowatz
43%
1951ZurndorfPolitiker (SPÖ), von 2000 bis 2019 LandeshauptmannHans Niessl
43%
1983Eisenstadtehemaliger Fußballer (Rapid, Salzburg, Legionär in Deutschland, Spanien, Griechenland, Tschechien und den USA), mit 19 jüngster Kapitän des NationalteamsAndreas Ivanschitz
36%
1968EisenstadtKabarettistin und Schauspielerin, regelmäßig zu Gast bei "Was gibt es Neues?"Eva Maria Marold
29%
1987Güssingehemalige Snowboarderin, Olympiasiegerin 2014Julia Dujmovits
29%
1984EisenstadtSängerin/Songwriterin, mit den Alben "Sternschnuppn" und "Libellen" auf Platz 4 bzw. 2 der ChartsDie Mayerin
14%
1955Ollersdorf im BurgenlandSänger und Gitarrist von OpusEwald Pfleger
14%
1949OberwartSchriftsteller ("Ich war nicht in Auschwitz.", "Katzenstreu", "Atsinganos"), Angehöriger der RomaStefan Horvath
14%
1946Siegendorfehemaliger Fußballspieler (u.a. bei Austria Wien, Eintracht Frankfurt, FC Granada, Nationalteam) und -trainer, als Spieler und Trainer Meister mit der AustriaThomas Parits
14%
1985OberpullendorfEinradfahrer, mehrfacher Weltmeister und Weltrekordhalter, überquerte 2011 mit dem Einrad die AlpenDavid Weichenberger
7%
1960GüssingAutor, vor allem bekannt durch Kinderbücher ("Es gibt so Tage", "Die Arche Noah") und Radioredakteur (Ö1)Heinz Janisch
7%
1810EisenstadtAnatom, schrieb das Handbuch Topographischer Anatomie, eines der weltweit wichtigsten medizinischen LehrbücherJoseph Hyrtl
7%
1766EisenstadtDirigent und Komponist ("Die Schweizer Familie"), Assistent von MozartJoseph Weigl
7%
1949OberpullendorfAutorin von Kinder-, Jugend- und Erwachsenenliteratur ("Der blaue See ist heute grün", "Die Wörter fliegen")Jutta Treiber
7%
1972OberwartAufdeckerjournalist und BuchautorKurt Kuch
7%
1883LockenhausSchauspieler, zuerst in deutschen, später in Hollywood-Produktionen eingesetzt, spielte u.a. eine Nebenrolle in "Casablanca" und im Elvis-Film "Café Europa"Ludwig Stössel
7%
1938EisenstadtSchauspielerin ("Nasser Asphalt", "Ein Goldfisch an der Leine"), in zahlreichen internationalen Produktion zu sehenMaria Perschy
7%

Verteilung der Resultate

Perzentil nach korrekt beantworteten Fragen

Anzahl Personen mit jedem Resultat

Ihre Resultats-Entwicklung

Sie haben dieses Quiz seit der letzten Aktualisierung nicht gespielt